[Event "San Francisco TNM Fall op"]
[Site "San Francisco"]
[Date "2010.11.30"]
[Round "7"]
[White "Standen, Julian"]
[Black "Leavens, Weston A"]
[Result "1/2-1/2"]
[WhiteElo "1699"]
[BlackElo "1843"]
[PlyCount "96"]
[EventDate "2010.10.20"]
[EventType "swiss"]
[EventRounds "9"]
[EventCountry "USA"]
[SourceTitle "EXT 2012"]
[Source "ChessBase"]
[SourceDate "2011.11.24"]
[SourceVersion "1"]
[SourceVersionDate "2011.11.24"]
[SourceQuality "1"]

1. d4 f5 2. Nf3 Nf6 3. Bf4 d6 4. e3 c6 5. Bc4 Nh5 6. Nbd2 Nxf4 7. exf4 d5 8. Bd3 e6 9. Ne5 g6 10. c3 Nd7 11. Nxd7 Bxd7 12. Nf3 Bd6 13. g3 Qb6 14. b4 0-0 15. 0-0 a5 16. a3 Ra7 17. Qe2 h6 18. Ne5 Bxe5 19. Qxe5 Qd8 20. c4 Qb8 21. Qe1 Qc7 22. c5 axb4 23. axb4 Rfa8 24. Qc3 b5 25. Bc2 Ra6 26. Rxa6 Rxa6 27. Ra1 Qa7 28. Rxa6 Qxa6 29. Qb2 Be8 30. h4 Qa8 31. Kg2 Qd8 32. Qa1 Qf6 33. Qc3 g5 34. fxg5 hxg5 35. hxg5 Qxg5 36. f4 Qg4 37. Qf3 Qg7 38. Qe3 Qf6 39. Bd1 Kg7 40. Qe5 Qxe5 41. fxe5 Kh6 42. Kf2 Bh5 43. Bc2 Kg5 44. Ke3 Bg4 45. Bd3 Bh3 46. Be2 Bg4 47. Bf1 Bh5 48. Bh3 Bg4 1/2-1/2

[Event "San Francisco TNM Summer op"]
[Site "San Francisco"]
[Date "2010.06.15"]
[Round "4"]
[White "Leavens, Weston A"]
[Black "Wong, Russell"]
[Result "0-1"]
[WhiteElo "1806"]
[BlackElo "2200"]
[PlyCount "44"]
[EventDate "2010.05.25"]
[EventType "swiss"]
[EventRounds "8"]
[EventCountry "USA"]
[SourceTitle "EXT 2012"]
[Source "ChessBase"]
[SourceDate "2011.11.24"]
[SourceVersion "1"]
[SourceVersionDate "2011.11.24"]
[SourceQuality "1"]

1. e4 Nf6 2. e5 Nd5 3. Bc4 Nb6 4. Bb3 d5 5. exd6 cxd6 6. Nc3 Nc6 7. d4 d5 8. Bf4 Bf5 9. Nge2 e6 10. 0-0 Be7 11. Ng3 Bg6 12. Nce2 h5 13. Re1 h4 14. Nf1 h3 15. c3 hxg2 16. Nfg3 Bd6 17. Bc2 Qh4 18. Nf5 Bxf5 19. Bxd6 e5 20. Kxg2 Qh3+ 21. Kg1 Qxh2+ 22. Kf1 Qh3+ 0-1

[Event "San Francisco TNM Spring op"]
[Site "San Francisco"]
[Date "2010.05.04"]
[Round "8"]
[White "Leavens, Weston A"]
[Black "Todortsev, Victor"]
[Result "1-0"]
[WhiteElo "1836"]
[BlackElo "1918"]
[PlyCount "63"]
[EventDate "2010.03.16"]
[EventType "swiss"]
[EventRounds "8"]
[EventCountry "USA"]
[SourceTitle "EXT 2012"]
[Source "ChessBase"]
[SourceDate "2011.11.24"]
[SourceVersion "1"]
[SourceVersionDate "2011.11.24"]
[SourceQuality "1"]

1. e4 e5 2. Nf3 Nc6 3. d4 exd4 4. Nxd4 Nf6 5. Nxc6 bxc6 6. Bd3 d6 7. 0-0 Be7 8. Nc3 0-0 9. Be3 Ng4 10. Bf4 Bf6 11. Qd2 Ne5 12. Be2 Rb8 13. b3 Qe7 14. Rad1 Ng6 15. Be3 a5 16. f3 Re8 17. Na4 Ra8 18. Bc4 Ne5 19. Be2 Bd7 20. Bd4 c5 21. Nxc5 Bc6 22. Bxe5 Bxe5 23. Nd3 Bd4+ 24. Nf2 Bb6 25. Bc4 Rad8 26. Kh1 Qh4 27. g3 Qh5 28. Ng4 Bd7 29. Qf4 Re7 30. Rd5 Qh3 31. Rg5 Be6 32. Qf6 1-0

[Event "San Francisco TNM Spring op"]
[Site "San Francisco"]
[Date "2010.04.06"]
[Round "4"]
[White "Leavens, Weston A"]
[Black "Grey, Peter G"]
[Result "0-1"]
[WhiteElo "1836"]
[BlackElo "2007"]
[PlyCount "92"]
[EventDate "2010.03.16"]
[EventType "swiss"]
[EventRounds "8"]
[EventCountry "USA"]
[SourceTitle "EXT 2012"]
[Source "ChessBase"]
[SourceDate "2011.11.24"]
[SourceVersion "1"]
[SourceVersionDate "2011.11.24"]
[SourceQuality "1"]

1. e4 e5 2. Nf3 Nc6 3. Bb5 a6 4. Ba4 f5 5. Bxc6 dxc6 6. Nxe5 Qd4 7. Nf3 Qxe4+ 8. Qe2 Qxe2+ 9. Kxe2 Bd6 10. Re1 Ne7 11. Nc3 0-0 12. d3 Bd7 13. Kf1 Rae8 14. Bg5 Ng6 15. Rxe8 Rxe8 16. Bd2 h6 17. Re1 Rxe1+ 18. Kxe1 Kf7 19. Ne2 Ne5 20. Nxe5+ Bxe5 21. d4 Bd6 22. g3 b6 23. Nf4 g5 24. Nd3 Kf6 25. f4 Be8 26. Ne5 c5 27. dxc5 Bxc5 28. Bc3 Ke6 29. Kd2 g4 30. Ke2 Bb5+ 31. Nd3 Kd5 32. a4 Bxd3+ 33. cxd3 Bd4 34. Kd2 Bg1 35. Ke2 c6 36. b4 b5 37. axb5 axb5 38. Kf1 Bd4 39. Bd2 c5 40. Ke2 c4 41. dxc4+ Kxc4 42. Be1 Bc3 43. Bf2 Bxb4 44. Kd1 Bc5 45. Bxc5 Kxc5 46. Kc2 Kc4 0-1

[Event "San Francisco TNM Winter op"]
[Site "San Francisco"]
[Date "2010.02.16"]
[Round "7"]
[White "Leavens, Weston A"]
[Black "Newey, Richard H"]
[Result "1/2-1/2"]
[WhiteElo "1858"]
[BlackElo "1754"]
[PlyCount "112"]
[EventDate "2010.01.05"]
[EventType "swiss"]
[EventRounds "8"]
[EventCountry "USA"]
[SourceTitle "EXT 2012"]
[Source "ChessBase"]
[SourceDate "2011.11.24"]
[SourceVersion "1"]
[SourceVersionDate "2011.11.24"]
[SourceQuality "1"]

1. e4 c5 2. d4 cxd4 3. c3 dxc3 4. Nxc3 Nc6 5. Nf3 d6 6. Bc4 e6 7. 0-0 a6 8. Qe2 Nge7 9. Rd1 Ng6 10. Be3 Be7 11. Rac1 Qa5 12. a3 Qh5 13. Bb6 Nce5 14. Nxe5 Qxe2 15. Bxe2 Nxe5 16. Bc7 Bd7 17. Bxd6 Bxd6 18. Rxd6 Bc6 19. Rcd1 0-0 20. f4 Ng6 21. g3 e5 22. f5 Ne7 23. Bc4 Nc8 24. R6d2 Nb6 25. Bb3 Kh8 26. Nd5 Nxd5 27. Bxd5 Bxd5 28. Rxd5 f6 29. Kf2 Rac8 30. Ke3 Rc2 31. R1d2 Rxd2 32. Kxd2 Ra8 33. Kc3 Rc8+ 34. Kd3 Ra8 35. Rd6 b5 36. h4 Ra7 37. b3 Kg8 38. Kc3 a5 39. Rb6 Rc7+ 40. Kd3 Rc5 41. b4 axb4 42. axb4 Rc4 43. Rxb5 Rd4+ 44. Ke3 Rc4 45. Rb8+ Kf7 46. b5 Rc3+ 47. Kd2 Rc4 48. b6 Rxe4 49. Kd3 Re1 50. Kc2 Re4 51. b7 Rb4 52. Kc3 Rb1 53. Kc4 Rb2 54. Kc5 Rb1 55. Kc6 Rc1+ 56. Kd5 Rb1 1/2-1/2

[Event "San Francisco TNM Fall op"]
[Site "San Francisco"]
[Date "2009.12.15"]
[Round "9"]
[White "Andries, Craig"]
[Black "Leavens, Weston A"]
[Result "1-0"]
[WhiteElo "1932"]
[BlackElo "1812"]
[PlyCount "85"]
[EventDate "2009.10.20"]
[EventType "swiss"]
[EventRounds "9"]
[EventCountry "USA"]
[SourceTitle "EXT 2012"]
[Source "ChessBase"]
[SourceDate "2011.11.24"]
[SourceVersion "1"]
[SourceVersionDate "2011.11.24"]
[SourceQuality "1"]

1. g3 c5 2. d3 d5 3. Nd2 Nc6 4. Bg2 Nf6 5. Ngf3 Bf5 6. 0-0 e5 7. Nh4 Qd7 8. c4 Bh3 9. cxd5 Bxg2 10. Nxg2 Nxd5 11. a3 Be7 12. Nf3 0-0 13. Bd2 h6 14. Qb3 Nf6 15. Ne3 Nd4 16. Nxd4 exd4 17. Ng2 b6 18. Rad1 Rad8 19. Nf4 Kh7 20. e4 dxe3 21. Bxe3 g5 22. Ng2 Qh3 23. f3 Kg8 24. Bf2 Qf5 25. d4 cxd4 26. Rxd4 Bc5 27. g4 Qc8 28. Rxd8 Bxf2+ 29. Rxf2 Rxd8 30. Ne3 Qc5 31. Nf5 Rd2 32. Qe3 Qxe3 33. Nxe3 Rxf2 34. Kxf2 h5 35. h3 hxg4 36. hxg4 Kf8 37. Ke2 Ke7 38. Kd3 Ke6 39. Kd4 Nd7 40. b4 Ne5 41. Ke4 b5 42. Nd5 Kd6 43. Nc7 1-0

[Event "San Francisco TNM Fall op"]
[Site "San Francisco"]
[Date "2009.11.17"]
[Round "5"]
[White "Wong, Russell"]
[Black "Leavens, Weston A"]
[Result "1-0"]
[WhiteElo "2200"]
[BlackElo "1812"]
[PlyCount "97"]
[EventDate "2009.10.20"]
[EventType "swiss"]
[EventRounds "9"]
[EventCountry "USA"]
[SourceTitle "EXT 2012"]
[Source "ChessBase"]
[SourceDate "2011.11.24"]
[SourceVersion "1"]
[SourceVersionDate "2011.11.24"]
[SourceQuality "1"]

1. b4 e5 2. Bb2 f6 3. a3 d5 4. e3 Bd6 5. c4 Be6 6. Qb3 c6 7. c5 Bc7 8. d4 e4 9. Nc3 Nh6 10. Nxe4 0-0 11. Nf3 Bf7 12. Ng3 Re8 13. Bd3 Nd7 14. Qc2 Nf8 15. 0-0 Bg6 16. e4 Bxg3 17. fxg3 Bxe4 18. Bc1 Nf7 19. Bd2 Qd7 20. Rae1 Bxd3 21. Qxd3 Ng6 22. a4 a6 23. Rxe8+ Rxe8 24. b5 axb5 25. axb5 Re4 26. Rb1 Nd8 27. bxc6 bxc6 28. Qa6 Ne7 29. Rb8 Kf7 30. Bf4 Nf5 31. Qb6 Re8 32. Bc7 Qe7 33. h3 Qe3+ 34. Kh2 Ne6 35. Rxe8 Kxe8 36. Qxc6+ Kf7 37. Qxd5 Kg6 38. g4 Nxc7 39. Qxf5+ Kf7 40. Qd7+ Qe7 41. Qf5 Kg8 42. g5 fxg5 43. Nxg5 g6 44. Qc8+ Ne8 45. Ne6 Kf7 46. d5 g5 47. Qb8 h5 48. Qb4 Kg6 49. h4 1-0

[Event "San Francisco TNM Max Wilkerson op"]
[Site "San Francisco"]
[Date "2009.09.22"]
[Round "8"]
[White "Leavens, Weston A"]
[Black "Shakhnazarov, Oleg"]
[Result "0-1"]
[WhiteElo "1803"]
[BlackElo "2194"]
[PlyCount "58"]
[EventDate "2009.08.03"]
[EventType "swiss"]
[EventRounds "9"]
[EventCountry "USA"]
[SourceTitle "EXT 2012"]
[Source "ChessBase"]
[SourceDate "2011.11.24"]
[SourceVersion "1"]
[SourceVersionDate "2011.11.24"]
[SourceQuality "1"]

1. e4 c5 2. d4 cxd4 3. c3 dxc3 4. Nxc3 a6 5. Bc4 e6 6. Nf3 Be7 7. 0-0 d6 8. Qe2 Nc6 9. Rd1 Qc7 10. Bf4 Nf6 11. Rac1 0-0 12. e5 dxe5 13. Bxe5 Qa5 14. Bf4 Qf5 15. Bc7 Bd7 16. Bd3 Qh5 17. Ne4 Nd5 18. Bg3 f5 19. Nc5 Bxc5 20. Rxc5 g5 21. Bd6 g4 22. Ne5 Nxe5 23. Bxe5 f4 24. Bc4 Bc6 25. Bd6 Rf6 26. Be5 f3 27. Qe1 g3 28. hxg3 fxg2 29. Kxg2 Ne3+ 0-1

[Event "San Francisco TNM Spring op"]
[Site "San Francisco"]
[Date "2009.05.05"]
[Round "8"]
[White "Leavens, Weston A"]
[Black "Bertot, German"]
[Result "1/2-1/2"]
[WhiteElo "1782"]
[BlackElo "1561"]
[PlyCount "84"]
[EventDate "2009.03.16"]
[EventType "swiss"]
[EventRounds "8"]
[EventCountry "USA"]
[SourceTitle "EXT 2012"]
[Source "ChessBase"]
[SourceDate "2011.11.24"]
[SourceVersion "1"]
[SourceVersionDate "2011.11.24"]
[SourceQuality "1"]

1. e4 e5 2. Nf3 Nc6 3. Bb5 a6 4. Ba4 Nf6 5. 0-0 Be7 6. Re1 b5 7. Bb3 d6 8. c3 Bg4 9. h3 Bh5 10. d3 0-0 11. Be3 d5 12. Nbd2 dxe4 13. dxe4 Kh8 14. Qe2 Nd7 15. Bd5 Ndb8 16. g4 Bg6 17. Rad1 f6 18. Nf1 Qe8 19. Ng3 Bf7 20. Nf5 Bxd5 21. exd5 Na5 22. b3 Nb7 23. Nxe7 Qxe7 24. Nh4 Qf7 25. f4 Nd7 26. fxe5 Nxe5 27. Nf5 Rad8 28. c4 bxc4 29. bxc4 Rfe8 30. Nd4 Nd6 31. Ne6 Rc8 32. Rd4 Nexc4 33. Rxc4 Nxc4 34. Qxc4 c6 35. Rc1 Qd7 36. Qd4 cxd5 37. Rxc8 Rxc8 38. Nf4 Re8 39. Kf2 Qc6 40. a3 Kg8 41. Qc5 Qxc5 42. Bxc5 Kf7 1/2-1/2

[Event "San Francisco TNM Spring op"]
[Site "San Francisco"]
[Date "2009.03.17"]
[Round "2"]
[White "Leavens, Weston A"]
[Black "Grey, Peter G"]
[Result "1-0"]
[WhiteElo "1782"]
[BlackElo "2000"]
[PlyCount "81"]
[EventDate "2009.03.16"]
[EventType "swiss"]
[EventRounds "8"]
[EventCountry "USA"]
[SourceTitle "EXT 2012"]
[Source "ChessBase"]
[SourceDate "2011.11.24"]
[SourceVersion "1"]
[SourceVersionDate "2011.11.24"]
[SourceQuality "1"]

1. e4 e5 2. Nf3 Nc6 3. Bb5 a6 4. Ba4 Nf6 5. 0-0 Nxe4 6. Re1 Nc5 7. Bxc6 dxc6 8. d4 Ne6 9. dxe5 Qxd1 10. Rxd1 Bd7 11. Be3 0-0-0 12. Nc3 Be7 13. Ne4 h6 14. Rd2 c5 15. Rad1 Bc6 16. Rxd8+ Rxd8 17. Rxd8+ Kxd8 18. Nfd2 b6 19. c3 Ng5 20. Ng3 Kd7 21. f4 Nh7 22. f5 Bg5 23. Bxg5 hxg5 24. Kf2 g6 25. e6+ Ke7 26. exf7 Kxf7 27. Nc4 Bd5 28. Ne5+ Kf6 29. fxg6 Nf8 30. g7 Kxg7 31. c4 Be6 32. Ne4 Kh6 33. Ke3 Ng6 34. Nxg6 Kxg6 35. b3 Kf5 36. h3 g4 37. h4 Ke5 38. g3 Bf5 39. Nc3 Be6 40. h5 Kf6 41. Ne4+ 1-0

[Event "San Francisco TNM Winter op"]
[Site "San Francisco"]
[Date "2009.02.03"]
[Round "5"]
[White "Leavens, Weston A"]
[Black "Frank, Robert"]
[Result "1-0"]
[WhiteElo "1797"]
[BlackElo "1247"]
[PlyCount "45"]
[EventDate "2009.01.06"]
[EventType "swiss"]
[EventRounds "8"]
[EventCountry "USA"]
[SourceTitle "EXT 2012"]
[Source "ChessBase"]
[SourceDate "2011.11.24"]
[SourceVersion "1"]
[SourceVersionDate "2011.11.24"]
[SourceQuality "1"]

1. e4 e5 2. Nf3 Nf6 3. d4 exd4 4. e5 Qe7 5. Be2 Nd5 6. Qxd4 Nb6 7. Bg5 Qb4+ 8. Nbd2 Qxd4 9. Nxd4 d5 10. exd6 Bxd6 11. 0-0-0 Bd7 12. Nb5 0-0 13. Nxd6 cxd6 14. Rhe1 Be6 15. Nf3 d5 16. Nd4 Bd7 17. Nb5 Bxb5 18. Bxb5 a6 19. Be2 Nc6 20. Bf3 f6 21. Be3 d4 22. Bxd4 Nc8 23. Bc5 1-0

[Event "San Francisco TNM Winter op"]
[Site "San Francisco"]
[Date "2009.01.20"]
[Round "3"]
[White "Wong, Russell"]
[Black "Leavens, Weston A"]
[Result "0-1"]
[WhiteElo "2200"]
[BlackElo "1797"]
[PlyCount "36"]
[EventDate "2009.01.06"]
[EventType "swiss"]
[EventRounds "8"]
[EventCountry "USA"]
[SourceTitle "EXT 2012"]
[Source "ChessBase"]
[SourceDate "2011.11.24"]
[SourceVersion "1"]
[SourceVersionDate "2011.11.24"]
[SourceQuality "1"]

1. e4 e6 2. d4 d5 3. e5 c5 4. Nf3 Nc6 5. c3 Qb6 6. Be2 cxd4 7. cxd4 f6 8. exf6 Nxf6 9. Nc3 Be7 10. 0-0 0-0 11. Bd3 Kh8 12. Ne2 Bd7 13. a3 Bd6 14. b4 e5 15. Nxe5 Nxe5 16. dxe5 Bxe5 17. Rb1 Ng4 18. h3 Nxf2 0-1

[Event "San Francisco TNM Winter op"]
[Site "San Francisco"]
[Date "2009.01.06"]
[Round "1"]
[White "Askin, Michael"]
[Black "Leavens, Weston A"]
[Result "0-1"]
[WhiteElo "1257"]
[BlackElo "1797"]
[PlyCount "108"]
[EventDate "2009.01.06"]
[EventType "swiss"]
[EventRounds "8"]
[EventCountry "USA"]
[SourceTitle "EXT 2012"]
[Source "ChessBase"]
[SourceDate "2011.11.24"]
[SourceVersion "1"]
[SourceVersionDate "2011.11.24"]
[SourceQuality "1"]

1. d4 f5 2. g3 g6 3. Bg2 Nf6 4. c4 Bg7 5. Nc3 0-0 6. Nf3 c6 7. 0-0 d6 8. Qb3 Qb6 9. Qc2 Be6 10. b3 h6 11. Bb2 Nbd7 12. Rfd1 Rad8 13. e4 fxe4 14. Nxe4 Bf5 15. Nxf6+ Bxf6 16. Qd2 Kh7 17. d5 Bg4 18. Re1 Bxb2 19. Qxb2 Rf7 20. Nd4 Ne5 21. Re3 c5 22. Ne2 Nxc4 23. Qc3 Nxe3 24. Qxe3 Bxe2 25. Qxe2 Rdf8 26. Rf1 Qb4 27. Qe6 Qd4 28. Be4 Qf6 29. Qg4 Qg5 30. Qe6 Qf6 31. Qg4 Rg7 32. h4 Kh8 33. Kg2 h5 34. Qd7 Qe5 35. f3 e6 36. Qxe6 Qxe6 37. dxe6 Rf6 38. Bd5 b5 39. Re1 Re7 40. Re4 Rf5 41. Bc6 b4 42. g4 hxg4 43. fxg4 Rf8 44. Bd5 Kg7 45. Kg3 Rf1 46. Rf4 Rd1 47. Bc4 d5 48. Be2 Rd2 49. Bf3 Rxe6 50. h5 Rd3 51. Kf2 gxh5 52. gxh5 Rf6 53. Rg4+ Kh6 54. Rg3 d4 0-1